000 01412nam0a22002531 4500
001 rc\3948532
005 20260407153033.0
021 _aRU
_b[55-17653]
035 _a(NLR Aleph) 008043009
090 _a8893384
_c8893384
100 _a20130415d1955 |||y0rusy50 ca
101 0 _arus
102 _aRU
105 _ay z |||||
200 1 _aТезисы докладов
_fАкад. наук Укр. ССР. Совет по изучению производит. сил Укр. ССР. Всесоюз. науч.-исслед. станция по раку картофеля М-ва сельского хозяйства СССР. Гос. инспекция по карантину с.-х. растений М-ва сельского хозяйства СССР по Укр. ССР. Совещание по вопросам изучения рака картофеля и разработки мер борьбы с ним. 12-14 апр. 1955 г.
210 _aКиев
_cИзд-во Акад. наук УССР
_d1955
215 _a52 с.
_d20
606 _aРак картофеля
_jТезисы докладов
_2psbo
710 1 2 _aСовещание по раку картофеля и разработке мер борьбы с ним
_eКиев
_f1955
_9688313
_3RU\NLR\AUTH\8810093566
801 0 _aRU
_bNLR
_gpsbo
801 1 _aRU
_bELAR
_2rusmarc
852 _aNLR
_jС70 Г-4/910
942 _cBOOK
980 _aNB